R and D productivity: study report

Gardado en:
Detalles Bibliográficos
Autor Corporativo: Hughes Aircraft Co (Author)
Formato: Libro
Idioma:inglés
Publicado: Culver City Hughes Aircraft Co 1978
Edición:2a. ed
Subjects:
Tags: Engadir etiqueta
Sen Etiquetas, Sexa o primeiro en etiquetar este rexistro!

MARC

LEADER 00000nam a2200000 a 4500
001 UCQ1883
003 CL-VaPUC
008 980721e19780000US |||||||||||||||||eng|d
082 0 4 |a 658.51  |b HUG  |2 21 
110 2 |a Hughes Aircraft Co  |e author  |9 415850 
245 1 0 |a R and D productivity: study report 
250 |a 2a. ed 
300 |a 183 p 
942 |c BK 
945 |d 19980721 00:00:00  |a cmena 
260 |a Culver City  |b Hughes Aircraft Co  |c 1978 
650 0 |a Productividad   |9 335972 
650 0 |a Producción   |9 263680 
650 7 |a PRODUCTOS  |2 CL-VaPUC  |9 338640 
650 0 |a Gestión de la producción   |9 259467 
650 0 |a Toma de decisiones   |9 257530 
650 7 |a ELABORACION DE POLITICAS  |2 CL-VaPUC  |9 335865 
650 0 |a Control de calidad   |9 259714 
583 |a last modification  |c 19980721 00:00:00  |k Rodrigo Vera 
999 |c 272726  |d 272724 
952 |0 0  |1 0  |4 0  |6 658_510000000000000_HUG_1978  |7 0  |8 A  |9 307854  |a BIBGIM  |b BIBGIM  |d 2019-11-20  |i 1442147  |o 658.51 HUG 1978  |p 1442147  |r 2025-01-15  |w 2019-11-20  |y BK  |k COM